Claves de la orientación profesional: estructura, planificación, diagnóstico e intervención

Salvato in:
Dettagli Bibliografici
Autore principale: Caballero Hernández-Pizarro, María Angeles (Autore)
Natura: Libro
Lingua:spagnolo
Pubblicazione: Madrid CCS 2005
Serie:Colección Educar, 33
Soggetti:
Tags: Aggiungi Tag
Nessun Tag, puoi essere il primo ad aggiungerne!!

MARC

LEADER 00000nam a2200000 a 4500
001 UCG2353
003 CL-VaPUC
008 100708e20050000SP |||||||||||||||||spa|d
020 |a 8483169312 
082 0 4 |a 371.425  |b CAB  |2 21 
100 0 |a Caballero Hernández-Pizarro, María Angeles  |e author  |9 550832 
245 1 0 |a Claves de la orientación profesional: estructura, planificación, diagnóstico e intervención 
300 |a 215 p 
942 |c BK 
945 |d 20100708 00:00:00  |a dcastane 
260 |a Madrid  |b CCS  |c 2005 
650 0 |a Orientación vocacional  |9 255692 
650 7 |a ORIENTADORES  |2 CL-VaPUC  |9 407371 
583 |a last modification  |c 20100708 00:00:00  |k Rodrigo Vera 
490 0 |a Colección Educar, 33 
999 |c 341569  |d 341567 
952 |0 0  |1 0  |4 0  |6 371_425000000000000_CAB_2005  |7 0  |8 A  |9 437171  |a BIBEDU  |b BIBEDU  |d 2019-11-22  |i 4693272  |o 371.425 CAB 2005  |p 4693272  |r 2019-11-22  |w 2019-11-22  |y BK  |k EPE